[Event "World Amateur-ch"]
[Site "Iasi"]
[Date "2013.04.25"]
[Round "4"]
[White "Cotruta, Alexandru Mihai"]
[Black "Gherasim, Ovidiu"]
[Result "0-1"]
[WhiteElo "1650"]
[BlackElo "1880"]
[PlyCount "74"]
[EventDate "2013.04.22"]
[EventType "swiss"]
[EventRounds "9"]
[EventCountry "ROU"]
[SourceTitle "CBM 154 Extra"]
[Source "ChessBase"]
[SourceDate "2013.06.25"]
[SourceVersion "2"]
[SourceVersionDate "2013.06.25"]
[SourceQuality "1"]

1. d4 f5 2. c4 Nf6 3. Nc3 e6 4. e3 Be7 5. Nf3 0-0 6. Bd3 d5 7. 0-0 c6 8. Qc2 Ne4 9. cxd5 exd5 10. Bd2 Bd6 11. Rac1 Qc7 12. Nxd5 Qf7 13. Nc3 Qh5 14. Bxe4 fxe4 15. Nxe4 Bf5 16. Bc3 Kh8 17. h3 Bxh3 18. Ng3 Bxg3 19. fxg3 Bf5 20. Qb3 b6 21. Ne5 Nd7 22. Nxc6 Qh6 23. Bd2 Be4 24. Rxf8+ Rxf8 25. Bb4 Rc8 26. d5 Bxd5 27. Qxd5 Qxe3+ 28. Kh2 Qh6+ 29. Kg1 Qxc1+ 30. Kh2 Qxc6 31. Qd3 Ne5 32. Qe2 Qh6+ 33. Kg1 Rc1+ 34. Be1 Qe6 35. Qd2 Rxe1+ 36. Kf2 Ng4+ 37. Kf3 Qe4# 0-1

[Event "World Amateur-ch"]
[Site "Iasi"]
[Date "2013.04.24"]
[Round "3"]
[White "Gherasim, Ovidiu"]
[Black "Muntianu, Razvan Gavril"]
[Result "0-1"]
[WhiteElo "1880"]
[BlackElo "1628"]
[PlyCount "96"]
[EventDate "2013.04.22"]
[EventType "swiss"]
[EventRounds "9"]
[EventCountry "ROU"]
[SourceTitle "CBM 154 Extra"]
[Source "ChessBase"]
[SourceDate "2013.06.25"]
[SourceVersion "2"]
[SourceVersionDate "2013.06.25"]
[SourceQuality "1"]

1. b3 c5 2. Bb2 Nc6 3. e3 d5 4. f4 e6 5. Nf3 Nf6 6. Be2 Be7 7. 0-0 b6 8. d3 Bb7 9. h3 Rc8 10. c4 dxc4 11. bxc4 Qc7 12. Na3 Rd8 13. Nc2 Na5 14. Qc1 Bc6 15. Ne5 h5 16. e4 Ba4 17. Ne3 Nc6 18. Nxc6 Bxc6 19. Be5 Qb7 20. Qc3 Qa6 21. a4 Qb7 22. f5 Qd7 23. fxe6 fxe6 24. Qc2 Bd6 25. Bc3 Qc7 26. Qb2 Bf4 27. Rf3 Nxe4 28. dxe4 Bxe4 29. Nf1 Bxf3 30. Bxf3 Rd3 31. Re1 Qd7 32. Be4 Rd6 33. Bxg7 Rg8 34. Be5 Bxe5 35. Qxe5 Kd8 36. Qxh5 Qxa4 37. Qf7 Re8 38. Qf6+ Kd7 39. Qc3 Rd4 40. Bd3 Qb4 41. Rc1 Qxc3 42. Rxc3 a5 43. Kf2 a4 44. Bc2 Ra8 45. Bb1 Rd1 46. Ba2 Rf8+ 47. Kg3 Rdxf1 48. Ra3 Rg8+ 0-1

[Event "World Amateur-ch"]
[Site "Iasi"]
[Date "2013.04.23"]
[Round "2"]
[White "Necula, Iulian"]
[Black "Gherasim, Ovidiu"]
[Result "1-0"]
[WhiteElo "1984"]
[BlackElo "1880"]
[PlyCount "85"]
[EventDate "2013.04.22"]
[EventType "swiss"]
[EventRounds "9"]
[EventCountry "ROU"]
[SourceTitle "CBM 154 Extra"]
[Source "ChessBase"]
[SourceDate "2013.06.25"]
[SourceVersion "2"]
[SourceVersionDate "2013.06.25"]
[SourceQuality "1"]

1. e4 c5 2. d4 cxd4 3. c3 dxc3 4. Nxc3 a6 5. Nf3 d6 6. Bc4 e6 7. 0-0 Ne7 8. Bg5 Qc7 9. Bb3 Ng6 10. Rc1 Nc6 11. Nd5 Qa5 12. Bd2 Qd8 13. Ne3 Be7 14. Bc3 0-0 15. g3 b5 16. Bxg7 Kxg7 17. Rxc6 Bb7 18. Rc1 Bf6 19. Bc2 Bxb2 20. Rb1 Bf6 21. h4 Ne5 22. Nd4 Qb6 23. Kg2 Rac8 24. Kh3 Rg8 25. Ne2 Nc4 26. Ng4 Na3 27. Nxf6 Kxf6 28. Rc1 Nxc2 29. Rxc2 Bxe4 30. Rd2 Bf5+ 31. Kh2 Ke7 32. Nd4 Be4 33. Re1 Bd5 34. Nf5+ Kf8 35. Ne3 Rc5 36. Qe2 Qb7 37. Qh5 Be4 38. Qh6+ Ke8 39. Rxd6 Bg6 40. Red1 Qf3 41. Rd8+ Ke7 42. Rxg8 Qxf2+ 43. Ng2 1-0

[Event "World Amateur-ch"]
[Site "Iasi"]
[Date "2013.04.22"]
[Round "1"]
[White "Gherasim, Ovidiu"]
[Black "Chiriac, Matei"]
[Result "1-0"]
[WhiteElo "1880"]
[BlackElo "1363"]
[PlyCount "93"]
[EventDate "2013.04.22"]
[EventType "swiss"]
[EventRounds "9"]
[EventCountry "ROU"]
[SourceTitle "CBM 154 Extra"]
[Source "ChessBase"]
[SourceDate "2013.06.25"]
[SourceVersion "2"]
[SourceVersionDate "2013.06.25"]
[SourceQuality "1"]

1. Nf3 c6 2. b3 d5 3. Bb2 Bf5 4. g3 e6 5. Bg2 Nd7 6. d3 h6 7. Nbd2 Ngf6 8. 0-0 Bd6 9. e4 Bg4 10. h3 Bxf3 11. Nxf3 e5 12. exd5 cxd5 13. Re1 Qc7 14. Nxe5 Nxe5 15. d4 0-0 16. dxe5 Bb4 17. c3 Bxc3 18. Bxc3 Qxc3 19. Rc1 Qa5 20. exf6 g6 21. Qxd5 Qxa2 22. Rc7 Rad8 23. Qxb7 Qa5 24. b4 Qa2 25. Rd7 Qa4 26. Rxd8 Rxd8 27. Qc6 Qxc6 28. Bxc6 Rd6 29. Re8+ Kh7 30. Be4 Rxf6 31. Re7 a6 32. Bd5 Kg7 33. Bc4 Kf8 34. Ra7 Ke8 35. Rxa6 Rxa6 36. Bxa6 Kd8 37. Bc4 f6 38. f4 Kc7 39. Kf2 Kd6 40. Ke3 Kc6 41. h4 Kd6 42. Ke4 Kc6 43. h5 f5+ 44. Ke5 gxh5 45. Kxf5 Kd6 46. Kg6 Ke7 47. f5 1-0